X-3 DİNOZORLAR (Record no. 589096)

MARC details
000 -LEADER
sabit uzunluktaki kontrol alanı 00279nam a2200109Ia 4500
001 - KONTROL NUMARASI
kontrol alanı 589096
005 - EN SON İŞLEMİN TARİH VE ZAMANI
kontrol alanı 20250717120842.0
008 - SABİT-UZUNLUKTA VERİ ÖĞELERİ--GENEL BİLGİ
sabit uzunluktaki kontrol alanı 250717s9999 xx 000 0 und d
245 #0 - ESER / YAZAR
ESER ADI X-3 DİNOZORLAR
Yazar Adı ANNE SOPHIEBAUMANN
260 ## - YAYIN, DAĞITIM, VB.
YAYIN EVİ BİNBİR ÇİÇEK YAYINLARI
Yayın, dağıtım tarihi, vb. 2018
300 ## - FİZİKSEL AÇIKLAMA
Diğer fiziksel ayrıntılar 20

No items available.